[Event "Euskadi ch 2010"]
[Site "Zornotza ESP"]
[Date "2010.04.05"]
[Round "1.1"]
[White "Franco Alonso, Alejandro"]
[Black "Diez Fraile, David"]
[Result "1-0"]
[WhiteElo "2472"]
[BlackElo "2168"]
[PlyCount "161"]
[EventDate "2010.04.05"]
[EventType "swiss"]
[EventRounds "9"]
[EventCountry "ESP"]
[Source "lmi"]
[SourceDate "2010.04.05"]

1. d4 Nf6 2. c4 e6 3. g3 c5 4. Nf3 a6 5. Bg2 cxd4 6. Nxd4 Qc7 7. b3 Bb4+ 8. Bd2
Be7 9. Nc3 Nc6 10. e3 Nxd4 11. exd4 d6 12. O-O O-O 13. a4 Bd7 14. Re1 Rfe8 15.
Bf4 Rad8 16. Qd3 h6 17. a5 Bf8 18. Be3 Rc8 19. d5 exd5 20. Nxd5 Nxd5 21. Bxd5
Bc6 22. Bb6 Qd7 23. Re3 Rxe3 24. Bxe3 Bxd5 25. Qxd5 Re8 26. Rd1 Qc6 27. Bf4 Re6
28. h4 Qc7 29. Kg2 Be7 30. h5 b6 31. b4 bxa5 32. c5 axb4 33. cxd6 Bxd6 34. Bxd6
Qb6 35. Bc5 Qb5 36. Qa8+ Re8 37. Rd8 Rxd8 38. Qxd8+ Kh7 39. Qb6 Qe2 40. Bxb4
Qxh5 41. Qxa6 Qd5+ 42. Kg1 Qd1+ 43. Qf1 Qd5 44. Bc3 f6 45. Qe1 Kg8 46. Qe3 Qd1+
47. Kg2 Qd6 48. Qe4 Kf7 49. Bb4 Qa6 50. Qd5+ Kg6 51. Bf8 Qa7 52. Bc5 Qc7 53.
Kh3 Kh7 54. Kg4 Qb8 55. Qe4+ Kh8 56. Kh5 Qc8 57. Kg6 Qg8 58. Qc6 Qh7+ 59. Kf7
Qg8+ 60. Ke7 Qc4 61. f3 Qb3 62. g4 Kh7 63. Qe4+ Kh8 64. Bd6 Qa2 65. Qe6 Qa7+
66. Qd7 Qa2 67. Bc5 Qb3 68. Qc6 Qa2 69. Bd6 Qb3 70. Ke8 Qe6+ 71. Kd8 Qb3 72.
Qe4 Qa2 73. Ke7 Qb3 74. Qe6 Qxf3 75. Kf7 Qa8 76. Kg6 h5 77. gxh5 Qg2+ 78. Kf7
f5 79. Qe8+ Kh7 80. Qg8+ Kh6 81. Qh8+ 1-0

[Event "Euskadi ch 2010"]
[Site "Zornotza ESP"]
[Date "2010.04.05"]
[Round "1.2"]
[White "Villalta Bustillo, Igor"]
[Black "Huerga Leache, Mikel"]
[Result "0-1"]
[WhiteElo "2157"]
[BlackElo "2446"]
[PlyCount "60"]
[EventDate "2010.04.05"]
[EventType "swiss"]
[EventRounds "9"]
[EventCountry "ESP"]
[Source "lmi"]
[SourceDate "2010.04.05"]

1. d4 Nf6 2. Nf3 d5 3. e3 c5 4. c3 Nc6 5. dxc5 a5 6. Bb5 e6 7. b4 Be7 8. O-O
O-O 9. Qb3 Qc7 10. Bb2 e5 11. Re1 e4 12. Nfd2 Ne5 13. a3 Be6 14. Qc2 Nfg4 15.
Nf1 Bh4 16. Re2 Bf5 17. h3 Nh6 18. Nbd2 Qc8 19. Qb3 Nd3 20. Bxd3 exd3 21. Ree1
Bxh3 22. gxh3 Qxh3 23. Qxd5 Ng4 24. Ne4 Qf3 25. Nfg3 Bxg3 26. fxg3 Rad8 27.
Qxb7 d2 28. Rf1 d1=Q 29. Nf6+ Qxf6 30. Raxd1 Rxd1 0-1

[Event "Euskadi ch 2010"]
[Site "Zornotza ESP"]
[Date "2010.04.05"]
[Round "1.3"]
[White "Alvarez Ibarra, Rafael"]
[Black "Alonso Alonso, Ivan"]
[Result "1-0"]
[WhiteElo "2390"]
[BlackElo "2156"]
[PlyCount "52"]
[EventDate "2010.04.05"]
[EventType "swiss"]
[EventRounds "9"]
[EventCountry "ESP"]
[Source "lmi"]
[SourceDate "2010.04.05"]

1. c4 Nf6 2. Nc3 d5 3. cxd5 Nxd5 4. Nf3 Nc6 5. g3 e5 6. Bg2 Nxc3 7. bxc3 e4 8.
Nd4 Nxd4 9. cxd4 Qxd4 10. Rb1 Bc5 11. e3 Qc4 12. Bb2 O-O 13. Rc1 Qb5 14. Qb3
Qxb3 15. axb3 Bd6 16. Bxe4 Be6 17. Bc2 Bd5 18. O-O f5 19. Rb1 a5 20. f3 b5 21.
e4 fxe4 22. fxe4 Rxf1+ 23. Rxf1 Be6 24. Ra1 c5 25. d4 cxd4 26. Bxd4 Bb4 1-0

[Event "Euskadi ch 2010"]
[Site "Zornotza ESP"]
[Date "2010.04.05"]
[Round "1.4"]
[White "Agirretxe San Sebastian, Jesus"]
[Black "Argandona Riveiro, Inigo"]
[Result "0-1"]
[WhiteElo "2153"]
[BlackElo "2388"]
[PlyCount "98"]
[EventDate "2010.04.05"]
[EventType "swiss"]
[EventRounds "9"]
[EventCountry "ESP"]
[Source "lmi"]
[SourceDate "2010.04.05"]

1. d4 d6 2. Nf3 Nf6 3. g3 g6 4. Bg2 Bg7 5. O-O O-O 6. a4 a5 7. b3 Nbd7 8. Bb2
e5 9. dxe5 Ng4 10. Nbd2 Ngxe5 11. Rb1 Re8 12. Nxe5 Nxe5 13. Nf3 Nxf3+ 14. Bxf3
Bxb2 15. Rxb2 Qf6 16. Rb1 Re5 17. Qd2 Kg7 18. Rfd1 h5 19. Qd4 Bf5 20. Rd2 Rae8
21. Re1 b6 22. Bc6 R8e7 23. Bf3 Bh3 24. Bg2 Bxg2 25. Kxg2 g5 26. e3 g4 27. h4
R7e6 28. Kg1 d5 29. Qa1 c5 30. c3 Qf3 31. Qd1 Qe4 32. Qb1 Qf3 33. Qd1 Rf5 34.
Qxf3 gxf3 35. Red1 Ree5 36. b4 axb4 37. cxb4 cxb4 38. Rd4 Re4 39. Rxd5 Rxd5 40.
Rxd5 b3 41. Rb5 Rxa4 42. Rxb3 Ra1+ 43. Kh2 Rf1 44. Rxb6 Rxf2+ 45. Kh3 Rf1 46.
g4 Rg1 47. Rb2 hxg4+ 48. Kh2 Re1 49. Kg3 Re2 0-1

[Event "Euskadi ch 2010"]
[Site "Zornotza ESP"]
[Date "2010.04.05"]
[Round "1.5"]
[White "Astasio Lopez, David"]
[Black "Alcaide Luque, Aitor"]
[Result "0-1"]
[WhiteElo "2303"]
[BlackElo "2144"]
[PlyCount "66"]
[EventDate "2010.04.05"]
[EventType "swiss"]
[EventRounds "9"]
[EventCountry "ESP"]
[Source "lmi"]
[SourceDate "2010.04.05"]

1. d4 f5 2. Nc3 Nf6 3. Bg5 d5 4. Bxf6 exf6 5. e3 Be6 6. Qf3 c6 7. Bd3 g6 8.
Nge2 Nd7 9. h3 Bd6 10. g4 fxg4 11. hxg4 Bf7 12. O-O-O Qa5 13. Kb1 O-O-O 14. Rh3
Be6 15. Nf4 Bxf4 16. Qxf4 Qc7 17. Qxc7+ Kxc7 18. Rdh1 h5 19. Bxg6 Bxg4 20. Rh4
Rdg8 21. Bf7 Rg7 22. Rg1 Rhh7 23. Be8 Nf8 24. b4 Re7 25. f3 Bxf3 26. Bg6 Rhg7
27. Rf4 Rxe3 28. Rf1 Rxc3 29. Bd3 Be4 30. Bxe4 dxe4 31. Rxf6 Nd7 32. Rh6 Rf3
33. Re1 Nf6 0-1

[Event "Euskadi ch 2010"]
[Site "Zornotza ESP"]
[Date "2010.04.05"]
[Round "1.6"]
[White "Diaz Herrero, Alvaro"]
[Black "Martin Alvarez, Inigo"]
[Result "0-1"]
[WhiteElo "2144"]
[BlackElo "2289"]
[PlyCount "40"]
[EventDate "2010.04.05"]
[EventType "swiss"]
[EventRounds "9"]
[EventCountry "ESP"]
[Source "lmi"]
[SourceDate "2010.04.05"]

1. e4 d6 2. d4 Nf6 3. Nc3 e5 4. dxe5 dxe5 5. Qxd8+ Kxd8 6. Bg5 Be6 7. f4 exf4
8. O-O-O+ Nbd7 9. Nf3 h6 10. Bxf4 Ng4 11. Nb5 Nf2 12. Nxc7 Nxd1 13. Nxa8 Nf2
14. Rg1 Bc5 15. Nc7 Nxe4 16. Nxe6+ fxe6 17. Rh1 Nf2 18. Rg1 g5 19. Be5 Nxe5 20.
Nxe5 Rf8 0-1

[Event "Euskadi ch 2010"]
[Site "Zornotza ESP"]
[Date "2010.04.05"]
[Round "1.7"]
[White "Varas, Carlos"]
[Black "Guijarro Galan, Jose Luis"]
[Result "0-1"]
[WhiteElo "2254"]
[BlackElo "2104"]
[PlyCount "62"]
[EventDate "2010.04.05"]
[EventType "swiss"]
[EventRounds "9"]
[EventCountry "ESP"]
[Source "lmi"]
[SourceDate "2010.04.05"]

1. e4 c5 2. Nf3 Nc6 3. d4 cxd4 4. Nxd4 a6 5. Nc3 e6 6. Nxc6 bxc6 7. Bd3 d5 8.
O-O Nf6 9. Re1 Be7 10. e5 Nd7 11. Qg4 g6 12. Bh6 Rb8 13. Rab1 Rb4 14. Qe2 Rh4
15. Bd2 Rh5 16. Bf4 Bg5 17. Qd2 Bxf4 18. Qxf4 Qc7 19. Qa4 Nxe5 20. Be2 Rh6 21.
Bxa6 Bxa6 22. Qxa6 Ng4 23. h3 Rxh3 24. f4 Rh5 25. Rf1 O-O 26. Na4 Qe7 27. g3
Qb4 28. Nc3 Qd4+ 29. Kg2 Rh2+ 30. Kf3 Qe3+ 31. Kxg4 f5+ 0-1

[Event "Euskadi ch 2010"]
[Site "Zornotza ESP"]
[Date "2010.04.05"]
[Round "1.8"]
[White "Lakunza Plazaola, Asier"]
[Black "Sarralde Osua, Rodrigo"]
[Result "0-1"]
[WhiteElo "2093"]
[BlackElo "2245"]
[PlyCount "60"]
[EventDate "2010.04.05"]
[EventType "swiss"]
[EventRounds "9"]
[EventCountry "ESP"]
[Source "lmi"]
[SourceDate "2010.04.05"]

1. e4 c5 2. Nf3 d6 3. d4 cxd4 4. Nxd4 Nf6 5. Nc3 a6 6. Be2 e5 7. Nb3 Be6 8. Bg5
Nbd7 9. Qd2 Be7 10. O-O-O Rc8 11. f4 Qc7 12. Kb1 b5 13. f5 Bxb3 14. Bxf6 Bxa2+
15. Nxa2 Nxf6 16. Bf3 O-O 17. g4 d5 18. exd5 e4 19. g5 exf3 20. gxf6 Bxf6 21.
d6 Qd7 22. Qf4 Rc5 23. Qxf3 Rxf5 24. Qa3 g6 25. Qxa6 Rf4 26. Nc1 Ra4 27. Qb6
Rfa8 28. Nb3 Ra2 29. Qc7 Qe6 30. d7 Ra1+ 0-1

[Event "Euskadi ch 2010"]
[Site "Zornotza ESP"]
[Date "2010.04.05"]
[Round "1.9"]
[White "Trigo Urquijo, Sergio"]
[Black "Garro Beraza, Haritz"]
[Result "0-1"]
[WhiteElo "2243"]
[BlackElo "2075"]
[PlyCount "88"]
[EventDate "2010.04.05"]
[EventType "swiss"]
[EventRounds "9"]
[EventCountry "ESP"]
[Source "lmi"]
[SourceDate "2010.04.05"]

1. e4 c5 2. Nc3 Nc6 3. Nge2 e6 4. d4 cxd4 5. Nxd4 d6 6. Be3 a6 7. Be2 Nf6 8.
O-O Be7 9. f4 Qc7 10. Nb3 O-O 11. Bf3 Re8 12. Qe1 Rb8 13. g4 Bf8 14. Rd1 b6 15.
g5 Nd7 16. Bg2 g6 17. Kh1 Bb7 18. Bg1 b5 19. Rd3 Rbd8 20. Qh4 Bg7 21. Rfd1 Nf8
22. Qf2 Nb4 23. R3d2 Bxc3 24. bxc3 Nxa2 25. Qb6 Qxb6 26. Bxb6 Rc8 27. c4 Nc3
28. Re1 bxc4 29. Na5 Ba8 30. Rxd6 Nb5 31. Rd2 c3 32. Rd3 Na3 33. Rc1 e5 34. f5
gxf5 35. exf5 Bxg2+ 36. Kxg2 e4 37. Rd5 e3 38. Kf1 e2+ 39. Ke1 Rb8 40. Rd6 Nd7
41. Rxd7 Rxb6 42. Nb3 Nxc2+ 43. Rxc2 Rxb3 44. Rxe2 Rb1+ 0-1

[Event "Euskadi ch 2010"]
[Site "Zornotza ESP"]
[Date "2010.04.05"]
[Round "1.10"]
[White "Hernandez Perez, Jesus"]
[Black "Arnaez Gil, Juan Ignacio"]
[Result "1/2-1/2"]
[WhiteElo "2045"]
[BlackElo "2242"]
[PlyCount "65"]
[EventDate "2010.04.05"]
[EventType "swiss"]
[EventRounds "9"]
[EventCountry "ESP"]
[Source "lmi"]
[SourceDate "2010.04.05"]

1. e4 c5 2. Nf3 d6 3. Bb5+ Bd7 4. Bxd7+ Nxd7 5. O-O Ngf6 6. Re1 g6 7. c3 Bg7 8.
d4 O-O 9. h3 e6 10. Bg5 h6 11. Bf4 Qb6 12. Nbd2 d5 13. e5 Nh5 14. Be3 f5 15.
exf6 Nhxf6 16. dxc5 Qxb2 17. Bd4 Rae8 18. Rb1 Qa3 19. Rxb7 Nxc5 20. Rc7 Nd3 21.
Re3 e5 22. Nxe5 Nxe5 23. Bxe5 Rf7 24. Rxf7 Kxf7 25. Qb1 Qa6 26. Bd4 Rxe3 27.
fxe3 Qe2 28. Nf3 Ne4 29. Qb7+ Ke8 30. Qxg7 Qf2+ 31. Kh2 Qg3+ 32. Kg1 Qf2+ 33.
Kh1 1/2-1/2

[Event "Euskadi ch 2010"]
[Site "Zornotza ESP"]
[Date "2010.04.05"]
[Round "1.11"]
[White "Limeres Guiance, Cristobal"]
[Black "Gutierrez Bustillo, Diego"]
[Result "1-0"]
[WhiteElo "2239"]
[BlackElo "2020"]
[PlyCount "107"]
[EventDate "2010.04.05"]
[EventType "swiss"]
[EventRounds "9"]
[EventCountry "ESP"]
[Source "lmi"]
[SourceDate "2010.04.05"]

1. d4 Nf6 2. c4 g6 3. Nc3 Bg7 4. e4 d6 5. Nge2 O-O 6. Ng3 Nc6 7. d5 Nb8 8. Be2
e6 9. O-O Nbd7 10. Bg5 h6 11. Be3 exd5 12. cxd5 Qe7 13. Qd2 Kh7 14. f3 c5 15.
h3 a6 16. a4 Ne8 17. f4 f6 18. f5 g5 19. Rab1 a5 20. Kf2 Ne5 21. Rh1 Rh8 22. h4
Kg8 23. b3 Bd7 24. Nd1 Nc7 25. Ra1 Qd8 26. Nb2 Na6 27. Nc4 Nxc4 28. bxc4 Kf7
29. Qb2 Nb4 30. Ra3 Ke7 31. Bd2 Qf8 32. Bd1 Kd8 33. Re3 Kc7 34. Bc3 Be8 35. Bd2
h5 36. hxg5 fxg5 37. Bc3 Bxc3 38. Qxc3 h4 39. Nf1 Bd7 40. Nh2 Qe8 41. Ng4 Qf7
42. Rf1 Rae8 43. Kg1 b6 44. Nf6 Re5 45. Ng4 Ree8 46. f6 Bxg4 47. Bxg4 Re5 48.
Be6 Rxe6 49. dxe6 Qxe6 50. f7 Rf8 51. Qg7 Qe7 52. e5 d5 53. e6 Nc6 54. cxd5 1-0

[Event "Euskadi ch 2010"]
[Site "Zornotza ESP"]
[Date "2010.04.05"]
[Round "1.12"]
[White "Iglesias Balbas, Ruben"]
[Black "Perez De Miguel, Alvaro"]
[Result "1/2-1/2"]
[WhiteElo "1973"]
[BlackElo "2193"]
[PlyCount "47"]
[EventDate "2010.04.05"]
[EventType "swiss"]
[EventRounds "9"]
[EventCountry "ESP"]
[Source "lmi"]
[SourceDate "2010.04.05"]

1. c4 c6 2. e4 d5 3. cxd5 cxd5 4. e5 Nc6 5. d4 Bf5 6. Bb5 e6 7. Nc3 Nge7 8.
Nge2 a6 9. Bxc6+ Nxc6 10. O-O Rc8 11. Be3 Be7 12. Ng3 Bg6 13. f4 f5 14. Rc1 b5
15. Qe2 O-O 16. Rfd1 Na5 17. b3 Qb6 18. Qd3 Ba3 19. Rb1 Nc6 20. Bc1 Nxd4 21.
Be3 Bc5 22. Nxd5 Qb7 23. Bxd4 Qxd5 24. Bxc5 1/2-1/2

[Event "Euskadi ch 2010"]
[Site "Zornotza ESP"]
[Date "2010.04.06"]
[Round "2.1"]
[White "Sarralde Osua, Rodrigo"]
[Black "Franco Alonso, Alejandro"]
[Result "1-0"]
[WhiteElo "2245"]
[BlackElo "2472"]
[PlyCount "111"]
[EventDate "2010.04.05"]
[EventType "swiss"]
[EventRounds "9"]
[EventCountry "ESP"]
[Source "lmi"]
[SourceDate "2010.04.05"]

1. e4 c5 2. Nf3 e6 3. d4 cxd4 4. Nxd4 Nf6 5. Nc3 d6 6. Be2 a6 7. O-O Qc7 8. f4
Be7 9. Be3 O-O 10. Bf3 Nc6 11. Kh1 Re8 12. Qe1 Nd7 13. Rd1 Rb8 14. Qg3 Bf8 15.
Bh5 g6 16. Be2 b5 17. Bd3 Nxd4 18. Bxd4 b4 19. Ne2 Bb7 20. Ng1 e5 21. fxe5 Nxe5
22. Nh3 Bg7 23. Ng5 Re7 24. b3 Nxd3 25. Bxg7 Kxg7 26. cxd3 Rf8 27. Rc1 Qd7 28.
Qf2 f6 29. Qd4 d5 30. e5 fxe5 31. Qxb4 Rxf1+ 32. Rxf1 h6 33. Nf3 d4 34. Nxe5
Qe6 35. Nf3 Rf7 36. Qxd4+ Kh7 37. Kg1 Rd7 38. Qe5 Qc6 39. d4 Qb6 40. h3 a5 41.
Kh2 a4 42. bxa4 Qa6 43. Rf2 Qd6 44. a5 Bd5 45. Rb2 Qxe5+ 46. Nxe5 Ra7 47. Rb5
Bxa2 48. Kg3 Ra6 49. Kf4 g5+ 50. Ke4 Kg7 51. g3 Rd6 52. d5 h5 53. Kd4 h4 54. g4
Rf6 55. Nd3 Rd6 56. Nc1 1-0

[Event "Euskadi ch 2010"]
[Site "Zornotza ESP"]
[Date "2010.04.06"]
[Round "2.2"]
[White "Huerga Leache, Mikel"]
[Black "Limeres Guiance, Cristobal"]
[Result "1-0"]
[WhiteElo "2446"]
[BlackElo "2239"]
[PlyCount "51"]
[EventDate "2010.04.05"]
[EventType "swiss"]
[EventRounds "9"]
[EventCountry "ESP"]
[Source "lmi"]
[SourceDate "2010.04.05"]

1. e4 e6 2. d4 d5 3. Nc3 Bb4 4. e5 b6 5. Bd2 Ne7 6. Bb5+ c6 7. Ba4 Bxc3 8. Bxc3
Ba6 9. Ne2 Bb5 10. Bxb5 cxb5 11. Qd3 Qd7 12. O-O Nbc6 13. Ng3 h5 14. b3 a6 15.
a4 b4 16. Bd2 Nf5 17. Nxf5 exf5 18. Rac1 O-O 19. Rfe1 Rfc8 20. Re3 a5 21. Rh3
g6 22. Bg5 Nd8 23. Bf6 Rc3 24. Qd2 Rc6 25. Qh6 Rxf6 26. exf6 1-0

[Event "Euskadi ch 2010"]
[Site "Zornotza ESP"]
[Date "2010.04.06"]
[Round "2.3"]
[White "Alcaide Luque, Aitor"]
[Black "Alvarez Ibarra, Rafael"]
[Result "1/2-1/2"]
[WhiteElo "2144"]
[BlackElo "2390"]
[PlyCount "33"]
[EventDate "2010.04.05"]
[EventType "swiss"]
[EventRounds "9"]
[EventCountry "ESP"]
[Source "lmi"]
[SourceDate "2010.04.05"]

1. d4 Nf6 2. Bg5 d5 3. Bxf6 gxf6 4. Nc3 c5 5. e4 dxe4 6. dxc5 Qa5 7. Qd5 e6 8.
Qxe4 Qxc5 9. O-O-O Nc6 10. Nd5 Bh6+ 11. Kb1 Kf8 12. Nxf6 Bg7 13. Qf4 e5 14. Qg5
h6 15. Nh7+ Kg8 16. Nf6+ Kf8 17. Nh7+ 1/2-1/2

[Event "Euskadi ch 2010"]
[Site "Zornotza ESP"]
[Date "2010.04.06"]
[Round "2.4"]
[White "Argandona Riveiro, Inigo"]
[Black "Guijarro Galan, Jose Luis"]
[Result "1/2-1/2"]
[WhiteElo "2388"]
[BlackElo "2104"]
[PlyCount "157"]
[EventDate "2010.04.05"]
[EventType "swiss"]
[EventRounds "9"]
[EventCountry "ESP"]
[Source "lmi"]
[SourceDate "2010.04.05"]

1. e4 c5 2. Nf3 e6 3. d4 cxd4 4. Nxd4 a6 5. Be3 Nc6 6. Nc3 Qc7 7. Qd2 Nf6 8.
O-O-O Bb4 9. f3 d5 10. Nxc6 bxc6 11. a3 Be7 12. Na4 Nd7 13. Bf4 Bd6 14. Bxd6
Qxd6 15. c4 O-O 16. Kb1 Rb8 17. Qc3 Nc5 18. Nxc5 Qxc5 19. e5 a5 20. Kc2 Qa7 21.
c5 a4 22. Qd4 Ba6 23. Bxa6 Qxa6 24. Rd2 Rb3 25. Rhd1 Rfb8 26. Kc1 Qb5 27. Rc2
g6 28. h4 h5 29. g4 Rxf3 30. gxh5 Qb3 31. hxg6 Qe3+ 32. Qxe3 Rxe3 33. gxf7+ Kf8
34. Rg2 Rb7 35. Rg8+ Kxf7 36. Rg5 Kf8 37. Rf1+ Rf7 38. Rxf7+ Kxf7 39. h5 Rh3
40. Kc2 d4 41. Kd2 Ke7 42. Rg7+ Kd8 43. Rh7 Kc8 44. h6 Kb8 45. Rh8+ Kb7 46. h7
Ka7 47. Rd8 Rxh7 48. Rxd4 Rh2+ 49. Kc3 Rh3+ 50. Kc2 Rh2+ 51. Kb1 Ka6 52. Rd6
Kb5 53. Rxe6 Kxc5 54. Re8 Re2 55. Rb8 Rxe5 56. Rb4 Re2 57. Rxa4 Kb5 58. Rb4+
Ka5 59. Rh4 Kb5 60. Ka2 c5 61. Rh8 c4 62. Rb8+ Ka5 63. Kb1 c3 64. b3 Rh2 65.
Kc1 Ra2 66. a4 Rb2 67. Rb7 Ka6 68. Rb5 Ka7 69. Rb4 Ka6 70. Rb8 Ka7 71. Rb5 Ka6
72. Rb4 Ka5 73. Rb8 Ka6 74. b4 Ka7 75. Rb5 Ka6 76. Kd1 Rd2+ 77. Kc1 Rb2 78.
Ra5+ Kb6 79. Rb5+ 1/2-1/2

[Event "Euskadi ch 2010"]
[Site "Zornotza ESP"]
[Date "2010.04.06"]
[Round "2.5"]
[White "Martin Alvarez, Inigo"]
[Black "Garro Beraza, Haritz"]
[Result "1-0"]
[WhiteElo "2289"]
[BlackElo "2075"]
[PlyCount "101"]
[EventDate "2010.04.05"]
[EventType "swiss"]
[EventRounds "9"]
[EventCountry "ESP"]
[Source "lmi"]
[SourceDate "2010.04.05"]

1. e4 c5 2. Nf3 d6 3. d4 cxd4 4. Nxd4 Nf6 5. Nc3 a6 6. Be3 e6 7. f3 Nbd7 8. g4
h6 9. Qd2 b5 10. O-O-O Bb7 11. h4 b4 12. Na4 d5 13. Bh3 dxe4 14. g5 hxg5 15.
hxg5 Nd5 16. g6 Rxh3 17. gxf7+ Kxf7 18. Rxh3 Qa5 19. b3 N7f6 20. fxe4 Nc3 21.
Nf3 Ncxe4 22. Ng5+ Nxg5 23. Bxg5 Qe5 24. Bxf6 Qxf6 25. Kb1 Be7 26. Nb6 Rd8 27.
Nd7 Qf5 28. Rh2 Bg5 29. Qd4 Bf6 30. Qb6 Bc8 31. Rf2 Rxd7 32. Rxd7+ Bxd7 33.
Rxf5 exf5 34. Qxb4 g5 35. c4 g4 36. Qd6 Be6 37. c5 Bg5 38. c6 f4 39. c7 Bf5+
40. Kb2 Bf6+ 41. Kc1 Kg6 42. Qxa6 f3 43. c8=Q Bxc8 44. Qxc8 Kg5 45. Qe6 Bg7 46.
Kd2 Bh6 47. Ke3 Kh5+ 48. Kf2 Bg5 49. Kg3 Bh4+ 50. Kf4 Bg5+ 51. Kf5 1-0

[Event "Euskadi ch 2010"]
[Site "Zornotza ESP"]
[Date "2010.04.06"]
[Round "2.6"]
[White "Arnaez Gil, Juan Ignacio"]
[Black "Iglesias Balbas, Ruben"]
[Result "1/2-1/2"]
[WhiteElo "2242"]
[BlackElo "1973"]
[PlyCount "81"]
[EventDate "2010.04.05"]
[EventType "swiss"]
[EventRounds "9"]
[EventCountry "ESP"]
[Source "lmi"]
[SourceDate "2010.04.05"]

1. c4 c6 2. Nf3 d5 3. e3 Bg4 4. cxd5 Bxf3 5. Qxf3 cxd5 6. Bb5+ Nc6 7. Nc3 Nf6
8. d4 e6 9. O-O Be7 10. Bd2 O-O 11. Rfc1 Rc8 12. Na4 Ne4 13. Be1 Nb4 14. Qd1 a6
15. Be2 Rxc1 16. Qxc1 Nc6 17. f3 Nd6 18. Nc5 Bg5 19. Qc3 Qe7 20. Bf2 Rc8 21. b4
Bf6 22. f4 b6 23. Bxa6 Rc7 24. Bd3 bxc5 25. bxc5 Nb7 26. Rb1 Ncd8 27. Qc2 g6
28. a4 Nc6 29. Rb5 Na7 30. Rb6 Nc8 31. Rb5 Na7 32. Rb6 Nc8 33. Rb1 Na5 34. Bb5
Nb6 35. Qd1 Nbc4 36. Qe2 Bh4 37. g3 Bf6 38. Kg2 Bg7 39. h4 h5 40. Be1 Qf6 41.
Bb4 1/2-1/2

[Event "Euskadi ch 2010"]
[Site "Zornotza ESP"]
[Date "2010.04.06"]
[Round "2.7"]
[White "Perez De Miguel, Alvaro"]
[Black "Hernandez Perez, Jesus"]
[Result "1-0"]
[WhiteElo "2193"]
[BlackElo "2045"]
[PlyCount "73"]
[EventDate "2010.04.05"]
[EventType "swiss"]
[EventRounds "9"]
[EventCountry "ESP"]
[Source "lmi"]
[SourceDate "2010.04.05"]

1. d4 Nf6 2. Nf3 d5 3. c4 e6 4. Nc3 c6 5. e3 Bd6 6. Bd3 Nbd7 7. O-O O-O 8. e4
dxe4 9. Nxe4 Nxe4 10. Bxe4 Nf6 11. Bc2 b6 12. Bg5 Be7 13. Qd3 g6 14. Ne5 Bb7
15. Rad1 Nd7 16. Bh6 Nxe5 17. dxe5 Qxd3 18. Rxd3 Rfd8 19. Rfd1 Ba6 20. Rd7 Rxd7
21. Rxd7 Bc5 22. Be4 Bxc4 23. Bxc6 Rc8 24. b3 Bd5 25. Bxd5 exd5 26. Rxd5 Bf8
27. Bg5 Rc5 28. Rd8 Kg7 29. Bf6+ Kh6 30. g4 Rc1+ 31. Kg2 Bc5 32. h4 Rc2 33. Rg8
Rxf2+ 34. Kg3 Rxf6 35. exf6 Bd4 36. g5+ Kh5 37. Rh8 1-0

[Event "Euskadi ch 2010"]
[Site "Zornotza ESP"]
[Date "2010.04.06"]
[Round "2.8"]
[White "Alonso Alonso, Ivan"]
[Black "Astasio Lopez, David"]
[Result "0-1"]
[WhiteElo "2156"]
[BlackElo "2303"]
[PlyCount "42"]
[EventDate "2010.04.05"]
[EventType "swiss"]
[EventRounds "9"]
[EventCountry "ESP"]
[Source "lmi"]
[SourceDate "2010.04.05"]

1. e4 c5 2. Nf3 e6 3. d4 cxd4 4. Nxd4 Nf6 5. Nc3 Nc6 6. g3 Be7 7. Bg2 O-O 8.
O-O d6 9. Kh1 Nxd4 10. Qxd4 e5 11. Qd3 h6 12. f4 b6 13. Nd5 Nxd5 14. exd5 Bb7
15. b3 f5 16. Bb2 e4 17. Qd2 Bf6 18. c4 Qd7 19. Bxf6 Rxf6 20. g4 fxg4 21. Rae1
Re8 0-1

[Event "Euskadi ch 2010"]
[Site "Zornotza ESP"]
[Date "2010.04.06"]
[Round "2.9"]
[White "Agirretxe San Sebastian, Jesus"]
[Black "Varas, Carlos"]
[Result "1/2-1/2"]
[WhiteElo "2153"]
[BlackElo "2254"]
[PlyCount "104"]
[EventDate "2010.04.05"]
[EventType "swiss"]
[EventRounds "9"]
[EventCountry "ESP"]
[Source "lmi"]
[SourceDate "2010.04.05"]

1. d4 Nf6 2. Nf3 e6 3. Bg5 c5 4. e3 h6 5. Bh4 b6 6. Nbd2 Be7 7. Bd3 Bb7 8. O-O
O-O 9. Qe2 d5 10. c3 Nbd7 11. Ne5 Nxe5 12. dxe5 Ne4 13. Bxe7 Qxe7 14. f4 Rad8
15. Rad1 Qc7 16. Qh5 c4 17. Bc2 Qc5 18. Qe2 b5 19. Nxe4 dxe4 20. Rd4 Rxd4 21.
exd4 Qd5 22. Re1 b4 23. Qg4 bxc3 24. bxc3 Qa5 25. Re3 Qxa2 26. Bd1 Qd2 27. Qe2
Qxe2 28. Rxe2 Bd5 29. Rb2 g5 30. fxg5 hxg5 31. Kf2 Kg7 32. Ke3 Rh8 33. h3 Kg6
34. Bc2 Kf5 35. Bxe4+ Bxe4 36. Rf2+ Kg6 37. Kxe4 Rd8 38. Ra2 Rd7 39. Ra4 Rc7
40. g4 Rc8 41. d5 exd5+ 42. Kxd5 Rh8 43. Ra6+ Kg7 44. Rxa7 Rxh3 45. Kxc4 Kf8
46. e6 fxe6 47. Ra5 Ke7 48. Rxg5 Kf6 49. Rg8 Kf7 50. Rg5 Rg3 51. Kd4 Kf6 52.
Rg8 Kf7 1/2-1/2

[Event "Euskadi ch 2010"]
[Site "Zornotza ESP"]
[Date "2010.04.06"]
[Round "2.10"]
[White "Diaz Herrero, Alvaro"]
[Black "Trigo Urquijo, Sergio"]
[Result "0-1"]
[WhiteElo "2144"]
[BlackElo "2243"]
[PlyCount "58"]
[EventDate "2010.04.05"]
[EventType "swiss"]
[EventRounds "9"]
[EventCountry "ESP"]
[Source "lmi"]
[SourceDate "2010.04.05"]

1. e4 d6 2. d4 Nf6 3. Nc3 e5 4. dxe5 dxe5 5. Qxd8+ Kxd8 6. Bg5 Be6 7. O-O-O+
Kc8 8. f4 exf4 9. Nge2 Nbd7 10. Bxf4 Ng4 11. Nd4 Nge5 12. h3 a6 13. g4 Bb4 14.
Nd5 Bc5 15. Bg2 c6 16. Rhe1 b5 17. b4 Bxd4 18. Rxd4 Kb7 19. Red1 a5 20. a3 axb4
21. axb4 Nc4 22. Rxc4 Ra1+ 23. Kd2 Rxd1+ 24. Kxd1 bxc4 25. Nc3 f6 26. Na4 g5
27. Bg3 h5 28. b5 cxb5 29. e5+ Ka6 0-1

[Event "Euskadi ch 2010"]
[Site "Zornotza ESP"]
[Date "2010.04.06"]
[Round "2.11"]
[White "Diez Fraile, David"]
[Black "Lakunza Plazaola, Asier"]
[Result "1/2-1/2"]
[WhiteElo "2168"]
[BlackElo "2093"]
[PlyCount "56"]
[EventDate "2010.04.05"]
[EventType "swiss"]
[EventRounds "9"]
[EventCountry "ESP"]
[Source "lmi"]
[SourceDate "2010.04.05"]

1. e4 c5 2. Nf3 d6 3. d4 cxd4 4. Nxd4 Nf6 5. Nc3 a6 6. f3 e5 7. Nb3 Be6 8. Be3
Be7 9. Qd2 O-O 10. O-O-O Nbd7 11. g4 Qc7 12. Kb1 b5 13. g5 Nh5 14. Nd5 Bxd5 15.
exd5 Nb6 16. Bxb6 Qxb6 17. Bd3 Nf4 18. h4 a5 19. Nc1 f5 20. gxf6 Bxf6 21. Be4
Ra7 22. Nd3 Kh8 23. Nf2 b4 24. Ng4 a4 25. h5 a3 26. b3 Rc7 27. Ne3 Qc5 28. Rh2
Rd8 1/2-1/2

[Event "Euskadi ch 2010"]
[Site "Zornotza ESP"]
[Date "2010.04.07"]
[Round "3.1"]
[White "Martin Alvarez, Inigo"]
[Black "Huerga Leache, Mikel"]
[Result "1-0"]
[WhiteElo "2289"]
[BlackElo "2446"]
[PlyCount "93"]
[EventDate "2010.04.05"]
[EventType "swiss"]
[EventRounds "9"]
[EventCountry "ESP"]
[Source "lmi"]
[SourceDate "2010.04.05"]

1. e4 c5 2. Nf3 Nc6 3. d4 cxd4 4. Nxd4 Nf6 5. Nc3 d6 6. Bg5 e6 7. Qd2 Be7 8.
O-O-O Nxd4 9. Qxd4 a6 10. f4 b5 11. Kb1 Bb7 12. Bd3 O-O 13. Rhe1 h6 14. Bh4 Rb8
15. Bf2 Ng4 16. Bg1 b4 17. Qxb4 a5 18. Qa4 Qc8 19. h3 Nf6 20. Ka1 Bc6 21. Qxa5
d5 22. Bc5 Qb7 23. b3 d4 24. Ba6 Qd7 25. Rxd4 Qxd4 26. Bxd4 Bb4 27. Qxb4 Rxb4
28. Bc5 Ra8 29. Bxb4 Rxa6 30. Kb2 Nh5 31. Bd6 f5 32. g4 Ng3 33. exf5 exf5 34.
Re3 Ne4 35. Nxe4 fxe4 36. Be5 g5 37. fxg5 hxg5 38. Bf6 Ra5 39. c4 Kf7 40. b4
Ra4 41. Bc3 Ke6 42. Kb3 Ra8 43. b5 Bb7 44. a4 Rf8 45. a5 Rf3 46. Rxf3 exf3 47.
Bd4 1-0